LIBRARY & INFORMATION CENTRE, KCAET, TAVANUR

ONLINE PUBLIC ACCESS CATALOGUE (OPAC)

Indiayile marangal / (Record no. 4730)

MARC details
000 -LEADER
fixed length control field 00626cam a2200253ua 4500
041 ## - LANGUAGE CODE
Language code of text/sound track or separate title mal
082 ## - DEWEY DECIMAL CLASSIFICATION NUMBER
Classification number 582.16
Item number CHA/MA
100 ## - MAIN ENTRY--AUTHOR NAME
Personal name Chandra, Mohan .
245 ## - TITLE STATEMENT
Title Indiayile marangal /
250 ## - EDITION STATEMENT
Edition statement 1 /
260 ## - PUBLICATION, DISTRIBUTION, ETC. (IMPRINT)
Place of publication Thiruvananthapuram :
Name of publisher State Instititute of Languages ,
Year of publication 1975.
300 ## - PHYSICAL DESCRIPTION
Number of Pages 168 ; .
700 1# - ADDED ENTRY--PERSONAL NAME
Personal name Radhika Rani, M A .
942 ## - ADDED ENTRY ELEMENTS (KOHA)
Koha item type Books
Holdings
Withdrawn status Lost status Damaged status Home library Current library Date acquired Full call number Accession Number Koha item type
      KAUAET KAUAET 07/04/2012 582.16 13789 Books
      KAUAET KAUAET 07/04/2012 582.16 13788 Books
      KAUAET KAUAET 07/04/2012 582.16 13891 Books
      KAUAET KAUAET 07/04/2012 582.16 13890 Books
      KAUAET KAUAET 07/04/2012 582.16 13889 Books
      KAUAET KAUAET 07/04/2012 582.16 13892 Books
free website counter